Methods of test for aluminium oxide. Part 22., Determination of manganese content.

Saved in:
Bibliographic Details
Corporate Author: British Standards Institution
Format: Book
Language:English
Published: London : British Standards Institution, 1980..
Series:ISO 1976 ; 3390:
British standard Part 22: 1980 ; 4140:
Subjects:
LEADER 00978nam a2200265 i 4500
001 c000164591
003 CARM
005 20030218235131.0
008 750105s1980 enk 000 0 eng
019 1 |a 24422561  |5 LACONCORD2021 
020 |a 0580112705 
035 |a (OCoLC)223423708  |5 LACONCORD2021 
040 |a UKM  |b eng  |c UKM  |d VU 
082 0 4 |a 669.722  |2 18 
110 2 |a British Standards Institution. 
245 1 0 |a Methods of test for aluminium oxide.  |n Part 22.,  |p Determination of manganese content. 
260 |a London :  |b British Standards Institution,  |c 1980.. 
300 |a 7 p. ;  |c 30 cm. 
440 0 |a ISO  |p 1976 ;  |v 3390: 
440 0 |a British standard  |p Part 22:  |p 1980 ;  |v 4140: 
650 0 |a Aluminum oxide. 
650 0 |a Manganese. 
852 8 |b CARM  |h A3:AD23C0  |i D06667  |p 0217587  |f BK 
999 f f |i 7da2b896-7d17-5d1a-be12-573636f2495b  |s 59aa7e18-1e52-5188-b839-2d3dfa373452 
952 f f |p Can circulate  |a CAVAL  |b CAVAL  |c CAVAL  |d CARM 1 Store  |e D06667  |f A3:AD23C0  |h Other scheme  |i book  |m 0217587